| 000 | 01178cam a2200313 a 4500 | ||
|---|---|---|---|
| 999 |
_c3793 _d3793 |
||
| 001 | 3470356 | ||
| 003 | Nust | ||
| 005 | 20170105101225.0 | ||
| 008 | 930830s1994 nyuab b 001 0 eng | ||
| 010 | _a 93036426 | ||
| 020 |
_a0029001552 : _c$24.95 |
||
| 040 |
_aDLC _cDLC _dDLC |
||
| 043 |
_aae----- _aas----- |
||
| 050 | 0 | 0 |
_aHC460.5 _b.A516 1994 |
| 082 | 0 | 0 |
_a338.095 _220 |
| 100 | 1 | _aAbegglen, James C. | |
| 245 | 1 | 0 |
_aSea change : _bPacific Asia as the new world industrial center / _cJames C. Abegglen. |
| 260 |
_aNew York : _bFree Press ; _aToronto : _bMaxwell Macmillan Canada ; _aNew York : _bMaxwell Macmillan International, _cc1994. |
||
| 300 |
_axiv, 290 p. : _bill., maps ; _c25 cm. |
||
| 504 | _aIncludes bibliographical references (p. 267-277) and index. | ||
| 650 | 0 | _aCompetition, International. | |
| 651 | 0 |
_aEast Asia _xEconomic conditions. |
|
| 651 | 0 |
_aSoutheast Asia _xEconomic conditions. |
|
| 651 | 0 |
_aEast Asia _xCommerce. |
|
| 651 | 0 |
_aSoutheast Asia _xCommerce. |
|
| 906 |
_a7 _bcbc _corignew _d1 _eocip _f19 _gy-gencatlg |
||
| 942 |
_2ddc _cBK |
||